000 00654cam a22002177a 4500
001 000042
003 armpunfd
005 20140612090556.0
008 011019e1994####xx#a##########000#0#und#d
040 _aarmpunfd
_carmpunfd
080 _a347.44 G 342
100 1 0 _a Ghersi, Carlos Alberto
245 1 0 _aContratos civiles y comerciales : partes general y especial : figuras contractuales modernas
260 _a Buenos Aires
_b Astrea
_c1994
300 _a2 v.
650 7 _a Contratos
_x Argentina
_2LEMB
650 7 _a Derecho Civil
_2LEMB
650 7 _a Derecho Comercial
_x Argentina
_2LEMB
942 _cLB
_2cdu
945 _aCatalis
_d2010-08-19
999 _c41
_d230545